000 00423nam a2200181Ia 4500
001 14535
005 20260306164921.0
008 260306t1995||||xx |||||||||||||| ||spa||
041 _aESP
082 _a515.15
_bS47 V. 1
100 _aStein, Sherman K.
_eAUT
245 0 _aCálculo y geometría analítica
260 _c1995
300 _aV. 1
_c27 cm.
650 _aGEN
654 _aCMA
942 _cLIB
_dJUS
_fJUS
_2ddc
_n
999 _c14535
_d14535